South American Capital to Country - Statistics

General Stats
  • This quiz has been taken 976 times
  • The average score is 11 of 12
Answer Stats
Capital Country % Correct
Buenos Aires Argentina
99%
Brasília Brazil
99%
Lima Peru
98%
Santiago Chile
96%
Caracas Venezuela
94%
La Paz/Sucre Bolivia
93%
Georgetown Guyana
93%
Bogotá Colombia
92%
Quito Ecuador
92%
Asunción Paraguay
92%
Montevideo Uruguay
92%
Paramaribo Suriname
90%
No matching quizzes found
Score Distribution
Percent of People with Each Score
Percentile by Number Answered
Your Score History
You have not taken this quiz